Регионална библиотека "Любен Каравелов" - Русе

Дълг и себелюбие (Запис номер 92203)

MARC детайли
000 -Лидер
Контролно поле с фиксирана дължина 01601nam a2200397 c 4500
003 - Код на организацията, давaща контролен номер
Контролно поле BLK
005 - Дата и час на последна редакция
Контролно поле 20230515141301.0
008 - Елементи от данни с фиксирана дължина
fixed length control field 180408b bul|||||r ||||||| ||bul||
010 ## - Наследен системен номер
LC control number KNG00096974000
020 ## - Международен стандартен номер на книга ISBN
Международен стандартен номер на книга ISBN 978-954-337-064-1
040 ## - Източник на каталожния запис
Идентификатор на билиотеката - собственик на записа BLK
041 ## - Код за език
Код за езика на текст/звукозапис или на отделно заглавие Български
Код за езика КДБФ Български
072 #7 - Код за тематичната категория
Код организация bullib
Код за тематична категория Н32
Текст Политика Н
072 #7 - Код за тематичната категория
Код организация bullib
Код за тематична категория К
Текст Краезнание
080 ## - УДК
Текстов определител УДК Политически партии и движения
УДК код - определител по УДК 329
УДК определител (497.2)БЗНС
УДК - код + определител 329(497.2)БЗНС
080 ## - УДК
Текстов определител УДК Вътрешна политика. Вж и 329
УДК код - определител по УДК 323
УДК определител (497.2)
УДК - код + определител 323(497.2)
100 1# - Редна дума - Автор
Автор Хорозов, Крум Кънчев
Дати, свързани с автора 1925-2017
Авторска отговорност първи автор
R(LIN) 366025
139 ## - Редно поле
Редна дума Хорозов, Крум Кънчев
Авторски знак Хоро - Х 69
245 10 - Сведения за заглавието
Заглавие Дълг и себелюбие
Подзаглавни данни Ч. 1 - За том: 36 конгрес на БЗНС : Бунтът на младите земеделци
Редно поле (дума) Крум Кънчев Хорозов.
Том Ч. 4
Заглавие на том Бъдеще за БЗНС
257 ## - Страна на издаване
Страна на създаване/издаване България
260 ## - Област на издателските данни
Година на издаване 2004 -
300 ## - Физическа характеристика
Размери/Мащаб 20 см
380 ## - Жанр
Жанр Обществени науки
650 #4 - Допълнително описание по предмет – тема
Основно описание – тема или топоним БЗНС
9 (RLIN) 148373
653 ## - Ключова дума – ненормативна
Ключова дума БЗНС
653 ## - Ключова дума – ненормативна
Ключова дума политически партии
653 ## - Ключова дума – ненормативна
Ключова дума вътрешна политика
659 ## - Тематичен бюлетин
Тематичен бюлетин К
659 ## - Тематичен бюлетин
Тематичен бюлетин Н
760 1# - Описание на основната серия
Редна дума на основното описание Хорозов, Крум Кънчев
Място на издаване, издател и година Авангард принт, 2009
Страници - том 100 с.
Заглавие Ч. 4 Бъдеще за БЗНС
852 ## - Местоположение
Форматна сигнатура Цб 220514
852 ## - Местоположение
Форматна сигнатура К 32(497.2)/Х 69
856 4# - Електронен адрес и достъп
Електронен формат pdf - файл
856 4# - Електронен адрес и достъп
Електронен формат pdf - файл
999 ## - СИСТЕМНИ КОНТРОЛНИ НОМЕРА
Koha biblionumber 92203
Koha biblioitemnumber 92203
942 ## - АРТИКУЛИ
Вид на библиотечния материал Книги
Скрит в OPAC Не
Периодичен библиозапис Да
944 ## - СЪЗДАВАНЕ И РЕДАКЦИЯ на ЗАПИСА
Създаване/Редакция Създаване
Дата на регистрацията/редакция 16.09.2010
Служител, извършил регистрацията/редакцията Валя_Йорданова
944 ## - СЪЗДАВАНЕ И РЕДАКЦИЯ на ЗАПИСА
Създаване/Редакция Редакция
Дата на регистрацията/редакция 23.03.2012
999 ## - СИСТЕМНИ КОНТРОЛНИ НОМЕРА
Koha biblioitemnumber 92203
Наличности
Код за отписване Код за изгубен артикул Код за повреда Коз за рестрикции Код за отдаване Артикулен № Име на библиотеката - собственик Име на библиотеката, в която се намира в момента Статус (Текущо местоположение) Дата на вписване в системата Местоположение - отдел Цена в лева Инвентарен номер Систематично азбучна сигнатура Баркод Номер на екземпляра Цена в евро Служебна бележка Служебен тип на артикула Източник на класификационната схема
  Не е изгубен Не е повреден без рестрикции ползва се в читалня 148594 Регионална библиотека "Любен Каравелов" Русе Регионална библиотека "Любен Каравелов" Русе Хранилище 2010-09-10 Хранилище 4.00 120000745719 Цб 220514 120000745719 1 2.05 Дост: Dp Вид: Д N: 2 Дата: 22.12.2009 Книги  
  Не е изгубен Не е повреден без рестрикции заемане за дома 148595 Регионална библиотека "Любен Каравелов" Русе Регионална библиотека "Любен Каравелов" Русе Заемна - подръчен фонд 2012-03-23 Заемна - подръчен фонд 4.00 120000756641 П 329(497.2)/Х 69 120000756641 2 2.05 Дост: DA Вид: А N: 5 Дата: 23.03.2012 Дата инв: 05.02.2018 Бележки инв: П2018 Книги  
  Не е изгубен Не е повреден без рестрикции ползва се в читалня 148596 Регионална библиотека "Любен Каравелов" Русе Регионална библиотека "Любен Каравелов" Русе Краезнание 2012-03-23 Краезнание 4.00 120000756642 К 32(497.2)/Х 69 120000756642 3 2.05 Дост: DA Вид: А N: 5 Дата: 23.03.2012 Дата инв: 09.11.2017 Бележки инв: К2017 Книги Universal Decimal Classification
Vip Innovations Ltd, Rousse, Bulgaria 2025